000 00242nam a22000857a 4500
001 1235301
005 20250930122825.0
245 _aEJDERHA TEHLİSE NASIL SAVUŞTURULUR
_cKORKUNÇ GICIK III. HIÇKIRIK
260 _bGÜNIŞIĞI KİTAPLIĞI YAYINLARI
999 _c1235301
_d1235301